000 00571cam a22002051 04500
001 44865
090 _a44865
100 _a19580801d1958 m y0pory5003 ba
101 1 _apor
102 _aPT
200 1 _aA longa espera
_fMickey Spillane
_gtrad. Almeida Campos
210 9 _aLisboa
_cLivros do Brasil,
_d[D.L. 1958]
215 _a293, [1] p.
_d16 cm
225 2 _aVampiro
_v134
304 _aTít. orig. : The long wait
675 _a821.111(73)-312.4"19"
_vBN
_zpor
700 1 _aSpillane,
_bMickey,
702 1 _aCampos,
_bLuís de Almeida
_4730
801 0 _aPT
_bBN
_gRPC
990 _cLIVROS